| 000 | 01135nas a2200325 4500 | ||
|---|---|---|---|
| 001 | BR2015003379 | ||
| 003 | BR-BrBNA | ||
| 005 | 20231205125417.0 | ||
| 007 | ta | ||
| 008 | 230509b bl.|||p| |||| 00| 00por d | ||
| 040 |
_aBR-BrBNA _bpor _cBiblioteca Nacional de Agricultura |
||
| 041 | _a(Pt) | ||
| 072 | _aN10 | ||
| 100 | 1 | _aYanagi Júnior, T. | |
| 100 | 1 | _aAmaral, A.G. do | |
| 100 | 1 | _aTeixeira, V.H. | |
| 100 | 1 | _aLima, R.R. de | |
| 245 | 1 | _aCaracterização espacial do ambiente termoacústico e de iluminância em galpão comercial para criação de frangos de corte | |
| 246 | 1 | _aSpatial characterization of thermoacoustic and luminance environment in commercial broiler chicken house | |
| 650 | _aFRANGO DE CORTE | ||
| 650 | _aINSTALACAO PARA ANIMAL | ||
| 650 | _aILUMINACAO | ||
| 650 | _aCONTROLE AMBIENTAL | ||
| 650 | _aVENTILACAO | ||
| 650 | _aAVICULTURA | ||
| 773 | 0 |
_tEngenharia Agrícola (Brazil) _xISSN 1809-4430 _g(Jan-Feb 2011), v. 31(1) p. 1-12 _wBR2015003379 |
|
| 856 | 4 | 0 | _uhttp://www.scielo.br/pdf/eagri/v31n1/v31n1a01.pdf |
| 909 |
_a202311 _bLúcia _c55 _dLúcia Elande |
||
| 942 |
_2AGRIS _n0 _cANA |
||
| 999 |
_c244232 _d244232 |
||